Black Brazilian women and the Lula administration /
保存先:
| 第一著者: | |
|---|---|
| フォーマット: | テキスト |
| 主題: | |
| タグ: |
タグ追加
タグなし, このレコードへの初めてのタグを付けませんか!
|
MARC
| LEADER | 00000 a a2200000 04500 | ||
|---|---|---|---|
| 001 | 10059 | ||
| 003 | |||
| 040 | |||
| 100 | |a Reis, Vilma | ||
| 245 | |a Black Brazilian women and the Lula administration / |c Vilma Reis | ||
| 650 | |a POLITICA SOCIAL | ||
| 650 | |a MUJERES | ||
| 650 | |a NEGRAS | ||
| 650 | |a MOVIMIENTOS SOCIALES | ||
| 650 | |a JUSTICIA SOCIAL | ||
| 650 | |a BRASIL | ||
| 773 | |g volumen 40, número 2; páginas 38-42 | ||
| 999 | |c 37911 |d 37911 | ||
